Southville International School and Colleges
Your cart is empty.
  • Cart
  • Lists
    Public lists Eva Luna New books Lux_list list_1
    Your lists Log in to create your own lists
  • Log in to your account
  • Your cookies
  • Search history
Southville International School and Colleges
  • Advanced search
  • Recent comments
  • Most popular
  • Libraries

Log in to your account

Log in with GOOGLE


If you do not have an external account, but do have a local account, you can still log in:

  1. Home
  2. MARC view: 101 things to make :
Normal view MARC view ISBD view

101 things to make : (Record no. 103364)

[ view plain ]
MARC details
000 -LEADER
fixed length control field 00533nam a2200157 a 4500
005 - DATE AND TIME OF LATEST TRANSACTION
control field 20140412111300.0
008 - FIXED-LENGTH DATA ELEMENTS--GENERAL INFORMATION
fixed length control field 010419s19uu xx 00 eng d
020 ## - INTERNATIONAL STANDARD BOOK NUMBER
International Standard Book Number 0-7500-0874-1
050 ## - LIBRARY OF CONGRESS CALL NUMBER
Classification number TR(GS 745
Item number B38 1991
100 ## - MAIN ENTRY--PERSONAL NAME
Personal name Bawden, Juliet
245 ## - TITLE STATEMENT
Title 101 things to make :
Remainder of title fun experiments with models, textiles, paper, print and paint /
Statement of responsibility, etc Juliet Bawden; illustrated by Alex Pang.
260 ## - PUBLICATION, DISTRIBUTION, ETC. (IMPRINT)
Place of publication, distribution, etc Hemel Hempstead, Herts :
Name of publisher, distributor, etc Simon & Schuster Young Books,
Date of publication, distribution, etc 1991.
300 ## - PHYSICAL DESCRIPTION
Extent 102 p. ; ill.
650 ## - SUBJECT ADDED ENTRY--TOPICAL TERM
Topical term or geographic name as entry element Craft
Holdings
Withdrawn status Lost status Damaged status Home library Current library Shelving location Date acquired Source of acquisition Cost, normal purchase price Total Checkouts Full call number Barcode Date last seen Price effective from Koha item type
      Elizalde Library Elizalde Library Teachers Reference Section 04/19/2001   613.00   TR(GS 745 B38 1991 E4598 04/12/2014 04/12/2014 Books

101 things to make :

APA

Bawden J., . (1991). 101 things to make. Hemel Hempstead, Herts: Simon & Schuster Young Books.

Chicago

Bawden Juliet, . 1991. 101 things to make. Hemel Hempstead, Herts: Simon & Schuster Young Books.

Harvard

Bawden J., . (1991). 101 things to make. Hemel Hempstead, Herts: Simon & Schuster Young Books.

MLA

Bawden Juliet, . 101 things to make. Hemel Hempstead, Herts: Simon & Schuster Young Books. 1991.

  • Place hold
  • Print
  • Cite
  • Add to your cart (remove)
  • Save record
    BIBTEX Dublin Core MARCXML MARC (non-Unicode/MARC-8) MARC (Unicode/UTF-8) MARC (Unicode/UTF-8, Standard) MODS (XML) RIS
  • More searches
    Search for this title in:
    Other Libraries (WorldCat) Other Databases (Google Scholar) Online Stores (Bookfinder.com) Open Library (openlibrary.org)

Exporting to Dublin Core...

SOUTHVILLE LIBRARY

Southville International School and Colleges Library

1281 Tropical Ave. Cor. Luxembourg St., BF Homes International, Las Pinas City

Tel. No. 8256374 / 252358 Loc. 117/146

Powered by Koha